<?xml version="1.0" encoding="UTF-8"?><?xml-stylesheet type="text/xsl" href="static/style.xsl"?><OAI-PMH xmlns="http://www.openarchives.org/OAI/2.0/" xmlns:xsi="http://www.w3.org/2001/XMLSchema-instance" xsi:schemaLocation="http://www.openarchives.org/OAI/2.0/ http://www.openarchives.org/OAI/2.0/OAI-PMH.xsd"><responseDate>2026-04-30T02:06:42Z</responseDate><request verb="GetRecord" identifier="oai:riubu.ubu.es:10259/9698" metadataPrefix="marc">https://riubu.ubu.es/oai/request</request><GetRecord><record><header><identifier>oai:riubu.ubu.es:10259/9698</identifier><datestamp>2024-11-15T01:05:17Z</datestamp><setSpec>com_10259_5088</setSpec><setSpec>com_10259_2728</setSpec><setSpec>col_10259_7851</setSpec></header><metadata><record xmlns="http://www.loc.gov/MARC21/slim" xmlns:doc="http://www.lyncode.com/xoai" xmlns:xsi="http://www.w3.org/2001/XMLSchema-instance" xmlns:dcterms="http://purl.org/dc/terms/" xsi:schemaLocation="http://www.loc.gov/MARC21/slim http://www.loc.gov/standards/marcxml/schema/MARC21slim.xsd">
<leader>00925njm 22002777a 4500</leader>
<datafield tag="042" ind1=" " ind2=" ">
<subfield code="a">dc</subfield>
</datafield>
<datafield tag="720" ind1=" " ind2=" ">
<subfield code="a">Chopo Comabella, Rosa María</subfield>
<subfield code="e">author</subfield>
</datafield>
<datafield tag="520" ind1=" " ind2=" ">
<subfield code="a">Constituye el objeto principal del presente TFM aproximarse a la realidad del enoturismo desde una óptica de la creación de experiencias enoturísticas memorables y de un modelo de sostenibilidad global, abarcando las dimensiones sociales, ambientales y económicas, siguiendo el marco de la Agenda 2030 de las Naciones Unidas.  En este contexto, la conexión entre el turismo, el enoturismo y los 17 Objetivos de Desarrollo Sostenible (ODS) es fundamental. Por su parte, estos objetivos están interconectados, lo que significa que el progreso en uno de ellos requiere avances en otros. Su diseño busca ser claro, conciso y accesible, con el fin de inspirar acción y ser aplicables en todos los países del mundo.</subfield>
</datafield>
<datafield tag="520" ind1=" " ind2=" ">
<subfield code="a">The main objective of this dissertation is to approach the reality of wine tourism from the perspective of creating memorable wine tourism experiences and a model of global sustainability, covering the social, environmental and economic dimensions, following the framework of the United Nations 2030 Agenda.  In this context, the connection between tourism, wine tourism and the Sustainable Development Goals (SDGs) is crucial. For their part, these goals are interconnected, meaning that progress on one requires progress on others. They are designed to be clear, concise, and accessible, to inspire action and to be applicable in all countries of the world.</subfield>
</datafield>
<datafield tag="024" ind2=" " ind1="8">
<subfield code="a">http://hdl.handle.net/10259/9698</subfield>
</datafield>
<datafield ind1=" " ind2=" " tag="653">
<subfield code="a">Experiencia Turística Memorable (MTE)</subfield>
</datafield>
<datafield ind1=" " ind2=" " tag="653">
<subfield code="a">Enoturismo</subfield>
</datafield>
<datafield ind1=" " ind2=" " tag="653">
<subfield code="a">Sostenibilidad</subfield>
</datafield>
<datafield ind1=" " ind2=" " tag="653">
<subfield code="a">Desarrollo local</subfield>
</datafield>
<datafield ind1=" " ind2=" " tag="653">
<subfield code="a">Objetivos de Desarrollo Sostenible (ODS)</subfield>
</datafield>
<datafield ind1=" " ind2=" " tag="653">
<subfield code="a">Agenda 2030</subfield>
</datafield>
<datafield ind1=" " ind2=" " tag="653">
<subfield code="a">Memorable Tourism Experience (MTE)</subfield>
</datafield>
<datafield ind1=" " ind2=" " tag="653">
<subfield code="a">Wine tourism</subfield>
</datafield>
<datafield ind1=" " ind2=" " tag="653">
<subfield code="a">Sustainability</subfield>
</datafield>
<datafield ind1=" " ind2=" " tag="653">
<subfield code="a">Local development</subfield>
</datafield>
<datafield ind1=" " ind2=" " tag="653">
<subfield code="a">Sustainable Development Goals (SDGs)</subfield>
</datafield>
<datafield ind1=" " ind2=" " tag="653">
<subfield code="a">2030 Agenda</subfield>
</datafield>
<datafield tag="245" ind1="0" ind2="0">
<subfield code="a">Del viñedo al paladar: la creación de experiencias enoturísticas memorables y su contribución a los Objetivos de Desarrollo Sostenible de la Agenda 2030</subfield>
</datafield>
</record></metadata></record></GetRecord></OAI-PMH>